Tuberculosis handbook/ (Record no. 114084)

MARC details
000 -LEADER
fixed length control field 00717nam a2200229I 4500
003 - CONTROL NUMBER IDENTIFIER
control field 0
008 - FIXED-LENGTH DATA ELEMENTS--GENERAL INFORMATION
fixed length control field
090 0# - LOCALLY ASSIGNED LC-TYPE CALL NUMBER (OCLC); LOCAL CALL NUMBER (RLIN)
Classification number (OCLC) (R) ; Classification number, CALL (RLIN) (NR) RC311.8
005 - DATE AND TIME OF LATEST TRANSACTION
control field 20230120203929.0
040 ## - CATALOGING SOURCE
Transcribing agency NUST
049 ## - LOCAL HOLDINGS (OCLC)
Holding library MAIN
100 1# - MAIN ENTRY--PERSONAL NAME
Personal name Pio, Antonio
245 10 - TITLE STATEMENT
Title Tuberculosis handbook/
Statement of responsibility, etc. Antonio Pio and Pierre Chaulet.
260 ## - PUBLICATION, DISTRIBUTION, ETC.
Place of publication, distribution, etc. Geneva
Name of publisher, distributor, etc. AITBS
Date of publication, distribution, etc. 2002.
300 ## - PHYSICAL DESCRIPTION
Extent ix, 88 p.
Dimensions 23 cm.
500 ## - GENERAL NOTE
General note Based on Handbook on tuberculosis for public health nurses, by V. H. Hodgson, published in 1939.
650 #0 - SUBJECT ADDED ENTRY--TOPICAL TERM
Topical term or geographic name entry element Tuberculosis
General subdivision Handbooks, manuals, etc.
650 #0 - SUBJECT ADDED ENTRY--TOPICAL TERM
Topical term or geographic name entry element Public health nursing.
700 1# - ADDED ENTRY--PERSONAL NAME
Personal name Chaulet, Pierre.
907 ## - LOCAL DATA ELEMENT G, LDG (RLIN)
a .b10202626
b 15-05-06
c 15-05-06
942 ## - ADDED ENTRY ELEMENTS (KOHA)
Koha item type Ordinary Loan Books
Call number prefix RC311.8
Holdings
Date last seen Total Checkouts Full call number Barcode Cost, replacement price Price effective from Koha item type Lost status Source of classification or shelving scheme Damaged status Not for loan Collection Withdrawn status Home library Current library Shelving location Date acquired Cost, normal purchase price
01/20/2023 3 RC311.8 PIO 92004003076 80.00 01/20/2023 BOOKS   LCC     NFIC   Medical Medical GEN 01/20/2023 80.00